[Event "Serpukhov-I"]
[Site "Serpukhov"]
[Date "2003.??.??"]
[Round "1"]
[White "Mirovshchikov, Sergey"]
[Black "Mozaliov, Sergey V"]
[Result "1/2-1/2"]
[WhiteElo "2395"]
[BlackElo "2386"]
[PlyCount "64"]
[EventDate "2003.??.??"]
[EventType "tourn"]
[EventRounds "13"]
[EventCountry "RUS"]
[SourceTitle "EXT 2005"]
[Source "ChessBase"]
[SourceDate "2004.11.15"]
[SourceVersion "1"]
[SourceVersionDate "2004.11.15"]
[SourceQuality "1"]

1. Nf3 d5 2. d4 c6 3. Nbd2 Nf6 4. c4 Bf5 5. g3 h6 6. b4 e6 7. Qb3 Nbd7 8. Bg2 Be7 9. 0-0 0-0 10. Bb2 Ne4 11. Nxe4 Bxe4 12. Nd2 Bxg2 13. Kxg2 f5 14. f3 Qc7 15. e4 fxe4 16. fxe4 Rxf1 17. Rxf1 Nf6 18. e5 Nh7 19. a4 Rf8 20. Rxf8+ Bxf8 21. c5 a6 22. Qd3 Qf7 23. Nf3 Be7 24. Bc1 Qh5 25. b5 axb5 26. axb5 Ng5 27. Bxg5 hxg5 28. h3 g4 29. hxg4 Qxg4 30. b6 Qh5 31. Qa3 Qf5 32. Qa7 Qc2+ 1/2-1/2

[Event "Serpukhov-I"]
[Site "Serpukhov"]
[Date "2003.??.??"]
[Round "9"]
[White "Mozaliov, Sergey V"]
[Black "Kazarina, Yulia"]
[Result "1-0"]
[WhiteElo "2386"]
[BlackElo "2183"]
[PlyCount "145"]
[EventDate "2003.??.??"]
[EventType "tourn"]
[EventRounds "13"]
[EventCountry "RUS"]
[SourceTitle "EXT 2005"]
[Source "ChessBase"]
[SourceDate "2004.11.15"]
[SourceVersion "1"]
[SourceVersionDate "2004.11.15"]
[SourceQuality "1"]

1. e4 e6 2. d4 d5 3. Nc3 Nf6 4. e5 Nfd7 5. f4 c5 6. Nf3 Nc6 7. Be3 a6 8. Qd2 b5 9. dxc5 Bxc5 10. Bxc5 Nxc5 11. Qf2 Qb6 12. Bd3 b4 13. Ne2 a5 14. 0-0 Ba6 15. Kh1 Rb8 16. Qg3 g6 17. Rad1 Ne7 18. Ned4 Ne4 19. Qh4 Nf5 20. Nxf5 gxf5 21. Ng5 Nxg5 22. Qxg5 Kd7 23. Qf6 Rbf8 24. Bxa6 Qxa6 25. Rxd5+ Kc8 26. Rfd1 Qe2 27. R5d2 Qe4 28. Qe7 Rhg8 29. Qc5+ Kb8 30. Qb5+ Kc8 31. Qa6+ Kb8 32. Qxa5 Rc8 33. Qb6+ Ka8 34. c3 bxc3 35. Qa6+ Kb8 36. bxc3 Qb7 37. Qa3 Qa7 38. Qxa7+ Kxa7 39. Rd7+ Kb6 40. Rxf7 h5 41. Rd3 Kc5 42. h3 h4 43. Re7 Rce8 44. Rxe8 Rxe8 45. Rd4 Rc8 46. a4 Rc6 47. Kh2 Ra6 48. g3 hxg3+ 49. Kxg3 Ra8 50. Rd6 Rxa4 51. Rxe6 Kd5 52. Rf6 Ke4 53. Rd6 Ra7 54. e6 Re7 55. c4 Rg7+ 56. Kf2 Kxf4 57. Rd7 Rg8 58. e7 Re8 59. c5 Ke5 60. Kf3 Ke6 61. c6 Ra8 62. Kf4 Ra4+ 63. Kg5 Ra8 64. Rd8 Rxd8 65. exd8Q Ke5 66. Qe7+ Kd4 67. Kxf5 Kd5 68. Qe5+ Kc4 69. Ke4 Kb4 70. Kd3 Kb3 71. Qb5+ Ka2 72. Kc2 Ka3 73. Qb3# 1-0

[Event "Serpukhov-I"]
[Site "Serpukhov"]
[Date "2003.??.??"]
[Round "13"]
[White "Mozaliov, Sergey V"]
[Black "Panush, Viktor"]
[Result "1-0"]
[WhiteElo "2386"]
[BlackElo "2271"]
[PlyCount "33"]
[EventDate "2003.??.??"]
[EventType "tourn"]
[EventRounds "13"]
[EventCountry "RUS"]
[SourceTitle "EXT 2005"]
[Source "ChessBase"]
[SourceDate "2004.11.15"]
[SourceVersion "1"]
[SourceVersionDate "2004.11.15"]
[SourceQuality "1"]

1. e4 d6 2. d4 g6 3. Nc3 Bg7 4. f4 Nd7 5. Nf3 c5 6. Be3 Ngf6 7. dxc5 dxc5 8. e5 Ng4 9. Bg1 0-0 10. Qd2 Qa5 11. 0-0-0 a6 12. Kb1 Re8 13. h3 Nh6 14. g4 Kf8 15. Nd5 Qxd2 16. Rxd2 Rb8 17. Nc7 1-0

[Event "RUS-ch sf"]
[Site "Tula"]
[Date "2003.??.??"]
[Round "9"]
[White "Mozaliov, Sergey V"]
[Black "Smirnov, Alexander"]
[Result "0-1"]
[WhiteElo "2386"]
[BlackElo "2254"]
[PlyCount "71"]
[EventDate "2003.03.??"]
[EventType "swiss"]
[EventRounds "9"]
[EventCountry "RUS"]
[SourceTitle "EXT 2004"]
[Source "ChessBase"]
[SourceDate "2003.11.25"]
[SourceVersion "1"]
[SourceVersionDate "2003.11.25"]
[SourceQuality "1"]

1. e4 e6 2. d4 d5 3. Nc3 Bb4 4. e5 c5 5. a3 cxd4 6. axb4 dxc3 7. Nf3 Qc7 8. Bd3 Nc6 9. 0-0 Nxb4 10. bxc3 Nxd3 11. Qxd3 Ne7 12. Ba3 Bd7 13. Nd4 a6 14. Qg3 Ng6 15. f4 Rc8 16. Rf3 f5 17. exf6 gxf6 18. Re1 Kf7 19. Qg4 h5 20. Qh3 Rce8 21. g3 e5 22. f5 e4 23. fxg6+ Kxg6 24. Rxf6+ Kxf6 25. Qh4+ Kg6 26. Rf1 Qe5 27. Ne2 Qg5 28. Nf4+ Kh6 29. Qxg5+ Kxg5 30. Nxd5 Kg6 31. Ne7+ Kg7 32. Bc5 Rhf8 33. Bd4+ Kh7 34. Nd5 Rxf1+ 35. Kxf1 Kg6 36. Ke2 0-1

[Event "RUS-ch sf"]
[Site "Tula"]
[Date "2003.??.??"]
[Round "3"]
[White "Pavlov, Denis"]
[Black "Mozaliov, Sergey V"]
[Result "1-0"]
[WhiteElo "2226"]
[BlackElo "2386"]
[PlyCount "56"]
[EventDate "2003.03.??"]
[EventType "swiss"]
[EventRounds "9"]
[EventCountry "RUS"]
[SourceTitle "EXT 2004"]
[Source "ChessBase"]
[SourceDate "2003.11.25"]
[SourceVersion "1"]
[SourceVersionDate "2003.11.25"]
[SourceQuality "1"]

1. e4 c5 2. d3 Nc6 3. g3 g6 4. Bg2 Bg7 5. Ne2 d6 6. 0-0 e5 7. c3 Nge7 8. Be3 0-0 9. Qd2 Be6 10. f4 f5 11. Na3 Qc7 12. fxe5 Nxe5 13. d4 Ng4 14. Bf4 Rad8 15. h3 Nf6 16. Nb5 Qb6 17. Nxd6 Nxe4 18. Nxe4 fxe4 19. Bg5 Rd7 20. Rxf8+ Bxf8 21. Kh2 cxd4 22. cxd4 Nf5 23. Bf6 Bxa2 24. Be5 e3 25. Qc3 Bd5 26. Bxd5+ Rxd5 27. Nf4 Rd7 28. g4 Nd6 1-0

[Event "Tula"]
[Site "Tula"]
[Date "2001.??.??"]
[Round "8"]
[White "Alexandrov, Alexei"]
[Black "Mozaliov, Sergey V"]
[Result "1/2-1/2"]
[WhiteElo "2238"]
[BlackElo "2456"]
[PlyCount "28"]
[EventDate "2001.01.??"]
[EventType "tourn"]
[EventRounds "11"]
[EventCountry "RUS"]
[EventCategory "3"]
[SourceTitle "CBM 080 Extra"]
[Source "ChessBase"]
[SourceDate "2001.03.08"]
[SourceVersion "1"]
[SourceVersionDate "2001.03.08"]
[SourceQuality "1"]

1. e4 e5 2. Nf3 Nc6 3. Nc3 Nf6 4. Bb5 Bb4 5. 0-0 0-0 6. d3 d6 7. Bg5 Bxc3 8. bxc3 Qe7 9. Re1 Nd8 10. d4 Ne6 11. Bc1 c6 12. Bf1 Qc7 13. g3 Rd8 14. Bg2 Qa5 1/2-1/2

[Event "Tula"]
[Site "Tula"]
[Date "2001.??.??"]
[Round "11"]
[White "Averjanov, Alexey"]
[Black "Mozaliov, Sergey V"]
[Result "1/2-1/2"]
[WhiteElo "2283"]
[BlackElo "2456"]
[PlyCount "40"]
[EventDate "2001.01.??"]
[EventType "tourn"]
[EventRounds "11"]
[EventCountry "RUS"]
[EventCategory "3"]
[SourceTitle "CBM 080 Extra"]
[Source "ChessBase"]
[SourceDate "2001.03.08"]
[SourceVersion "1"]
[SourceVersionDate "2001.03.08"]
[SourceQuality "1"]

1. e4 e5 2. Nf3 Nc6 3. d4 exd4 4. Nxd4 Bc5 5. Nxc6 Qf6 6. Qd2 dxc6 7. Nc3 Ne7 8. Qf4 Qd6 9. Be3 Bb4 10. Rd1 Ng6 11. Rxd6 Nxf4 12. Rd1 Ng6 13. f4 0-0 14. Be2 Re8 15. 0-0 Bxc3 16. bxc3 Bf5 17. exf5 Rxe3 18. fxg6 Rxe2 19. gxf7+ Kxf7 20. Rd7+ Re7 1/2-1/2

[Event "Tula"]
[Site "Tula"]
[Date "2001.??.??"]
[Round "9"]
[White "Mozaliov, Sergey V"]
[Black "Brikov, Illarion"]
[Result "1-0"]
[WhiteElo "2456"]
[BlackElo "2355"]
[PlyCount "55"]
[EventDate "2001.01.??"]
[EventType "tourn"]
[EventRounds "11"]
[EventCountry "RUS"]
[EventCategory "3"]
[SourceTitle "CBM 080 Extra"]
[Source "ChessBase"]
[SourceDate "2001.03.08"]
[SourceVersion "1"]
[SourceVersionDate "2001.03.08"]
[SourceQuality "1"]

1. e4 c5 2. Nf3 d6 3. d4 cxd4 4. Nxd4 Nf6 5. Nc3 a6 6. Be3 e5 7. Nb3 Be6 8. f3 Be7 9. Qd2 0-0 10. 0-0-0 b5 11. g4 b4 12. Nd5 Bxd5 13. exd5 a5 14. Kb1 Qc7 15. g5 Nh5 16. Bh3 Na6 17. Bg4 a4 18. Nc1 Nf4 19. Bxf4 exf4 20. h4 Rfb8 21. Ne2 g6 22. Nd4 Bf8 23. h5 Bg7 24. hxg6 hxg6 25. Ne6 Qc4 26. Qh2 fxe6 27. Bxe6+ Kf8 28. Qh7 1-0

[Event "Tula"]
[Site "Tula"]
[Date "2001.??.??"]
[Round "3"]
[White "Mozaliov, Sergey V"]
[Black "Geller, Jakov"]
[Result "1/2-1/2"]
[WhiteElo "2456"]
[BlackElo "2285"]
[PlyCount "53"]
[EventDate "2001.01.??"]
[EventType "tourn"]
[EventRounds "11"]
[EventCountry "RUS"]
[EventCategory "3"]
[SourceTitle "CBM 080 Extra"]
[Source "ChessBase"]
[SourceDate "2001.03.08"]
[SourceVersion "1"]
[SourceVersionDate "2001.03.08"]
[SourceQuality "1"]

1. e4 e5 2. Nf3 Nc6 3. Bb5 f5 4. Bxc6 dxc6 5. Nc3 Nf6 6. Qe2 Bc5 7. exf5 Qe7 8. d3 Bxf5 9. 0-0 0-0 10. Qxe5 Qxe5 11. Nxe5 Rae8 12. Nf3 Nd5 13. Bd2 Bg4 14. Ne4 Bb4 15. a3 Bxf3 16. gxf3 Bxd2 17. Nxd2 Nf4 18. Rfe1 Ne2+ 19. Kf1 Nd4 20. Rxe8 Rxe8 21. c3 Nf5 22. Re1 Rd8 23. Ke2 Rd6 24. Rg1 Rh6 25. Rg5 Ne7 26. Nf1 Kf7 27. Rg4 1/2-1/2

[Event "Tula"]
[Site "Tula"]
[Date "2001.??.??"]
[Round "7"]
[White "Mozaliov, Sergey V"]
[Black "Novikov, Maxim"]
[Result "1/2-1/2"]
[WhiteElo "2456"]
[BlackElo "2377"]
[PlyCount "34"]
[EventDate "2001.01.??"]
[EventType "tourn"]
[EventRounds "11"]
[EventCountry "RUS"]
[EventCategory "3"]
[SourceTitle "CBM 080 Extra"]
[Source "ChessBase"]
[SourceDate "2001.03.08"]
[SourceVersion "1"]
[SourceVersionDate "2001.03.08"]
[SourceQuality "1"]

1. e4 e5 2. Nf3 Nc6 3. Bb5 d6 4. d4 Bd7 5. 0-0 g6 6. d5 Nb8 7. Bxd7+ Nxd7 8. c4 a5 9. Nc3 Bg7 10. Be3 Ngf6 11. Qc2 0-0 12. a3 Ng4 13. Bd2 Bh6 14. h3 Bxd2 15. Qxd2 Ngf6 16. b4 Qe7 17. Qh6 Nh5 1/2-1/2

[Event "Severstal 45 Jubilee"]
[Site "Cherepovets"]
[Date "2000.??.??"]
[Round "2"]
[White "Mozaliov, Sergey V"]
[Black "Ivanov, Vladimir Ivanovich"]
[Result "1/2-1/2"]
[WhiteElo "2329"]
[BlackElo "2398"]
[PlyCount "45"]
[EventDate "2000.??.??"]
[EventType "tourn"]
[EventRounds "13"]
[EventCountry "RUS"]
[SourceTitle "EXT 2001"]
[Source "ChessBase"]
[SourceDate "2000.11.22"]
[SourceVersion "1"]
[SourceVersionDate "2000.11.22"]
[SourceQuality "1"]

1. e4 c5 2. Nf3 Nc6 3. d4 cxd4 4. Nxd4 e5 5. Nb5 d6 6. c4 Be7 7. b3 a6 8. N5c3 Be6 9. Bd3 Bg5 10. Bb2 Nf6 11. Nd5 Bxd5 12. exd5 Ne7 13. Nc3 g6 14. Qf3 Nh5 15. Ne4 Bh6 16. g4 Nf4 17. g5 Nxd3+ 18. Qxd3 Bg7 19. f4 0-0 20. fxe5 dxe5 21. 0-0-0 Nf5 22. Ba3 Re8 23. Kb1 1/2-1/2

[Event "Severstal 45 Jubilee"]
[Site "Cherepovets"]
[Date "2000.??.??"]
[Round "8"]
[White "Mozaliov, Sergey V"]
[Black "Veliev, Gasan"]
[Result "1/2-1/2"]
[WhiteElo "2329"]
[BlackElo "2318"]
[PlyCount "63"]
[EventDate "2000.??.??"]
[EventType "tourn"]
[EventRounds "13"]
[EventCountry "RUS"]
[SourceTitle "EXT 2001"]
[Source "ChessBase"]
[SourceDate "2000.11.22"]
[SourceVersion "1"]
[SourceVersionDate "2000.11.22"]
[SourceQuality "1"]

1. e4 c5 2. Nf3 Nc6 3. d4 cxd4 4. Nxd4 Nf6 5. Nc3 d6 6. Bg5 e6 7. Qd2 Be7 8. 0-0-0 a6 9. f4 h6 10. Bh4 Qc7 11. Be2 Bd7 12. Bf3 0-0-0 13. Nb3 Rhe8 14. Rhe1 Kb8 15. Bf2 Na5 16. Nxa5 Qxa5 17. e5 dxe5 18. Qe3 e4 19. Nxe4 Nd5 20. Qa7+ Kc7 21. Nc3 Bc6 22. Nxd5+ Bxd5 23. Bxd5 exd5 24. Bd4 Bd6 25. Be5 Bxe5 26. Rxe5 Rxe5 27. fxe5 Qxa2 28. Rd3 d4 29. Qc5+ Kb8 30. Rxd4 Rxd4 31. Qxd4 Qe6 32. b4 1/2-1/2

[Event "Severstal 45 Jubilee"]
[Site "Cherepovets"]
[Date "2000.??.??"]
[Round "9"]
[White "Shvedov, Sergey"]
[Black "Mozaliov, Sergey V"]
[Result "1/2-1/2"]
[WhiteElo "2340"]
[BlackElo "2329"]
[PlyCount "89"]
[EventDate "2000.??.??"]
[EventType "tourn"]
[EventRounds "13"]
[EventCountry "RUS"]
[SourceTitle "EXT 2001"]
[Source "ChessBase"]
[SourceDate "2000.11.22"]
[SourceVersion "1"]
[SourceVersionDate "2000.11.22"]
[SourceQuality "1"]

1. d4 d5 2. Bg5 c6 3. e3 Bf5 4. Nf3 Qb6 5. Qc1 h6 6. Bh4 Nd7 7. c4 e6 8. Nc3 Ngf6 9. Be2 Be7 10. c5 Qc7 11. Bg3 Qc8 12. b4 b6 13. 0-0 0-0 14. h3 a5 15. a3 axb4 16. axb4 Ne4 17. Nxe4 Bxe4 18. Qc3 Qb7 19. Nd2 Bg6 20. Nb3 Nf6 21. f3 Rfe8 22. Rfc1 Nd7 23. Nd2 Rxa1 24. Rxa1 Ra8 25. Rxa8+ Qxa8 26. Bd6 Bg5 27. Kf2 bxc5 28. bxc5 Qa2 29. Bc7 Nf6 30. Bd1 Nh5 31. g3 Kh7 32. Kg2 Be7 33. g4 Nf6 34. Ba5 h5 35. Kf1 hxg4 36. hxg4 Nd7 37. Bb3 Qa3 38. e4 e5 39. Bb4 Qa6+ 40. Kg2 exd4 41. Qxd4 Qe2+ 42. Qf2 Qxf2+ 43. Kxf2 Bxc5+ 44. Bxc5 Nxc5 45. exd5 1/2-1/2

[Event "RUS-Cup02"]
[Site "Moscow"]
[Date "1998.??.??"]
[Round "1"]
[White "Chekhov, Valery A"]
[Black "Mozaliov, Sergey V"]
[Result "1-0"]
[WhiteElo "2520"]
[BlackElo "2285"]
[PlyCount "71"]
[EventDate "1998.01.21"]
[EventType "swiss"]
[EventRounds "9"]
[EventCountry "RUS"]
[SourceTitle "CBM 063"]
[Source "ChessBase"]
[SourceDate "1998.03.26"]
[SourceVersion "1"]
[SourceVersionDate "1998.03.26"]
[SourceQuality "1"]

1. d4 Nf6 2. c4 e6 3. Nc3 Bb4 4. Qc2 0-0 5. a3 Bxc3+ 6. Qxc3 b6 7. Nf3 Bb7 8. e3 d6 9. b4 Nbd7 10. Bb2 Ne4 11. Qc2 f5 12. Bd3 Rf6 13. d5 Rg6 14. Nd4 exd5 15. cxd5 Rxg2 16. Bxe4 fxe4 17. Ne6 Qe7 18. Nf4 Rg5 19. Qxc7 Ba6 20. Rc1 Rc8 21. Qxa7 Rxc1+ 22. Bxc1 Bd3 23. Bb2 Qe8 24. Kd2 Ne5 25. Bxe5 Qxe5 26. Qb8+ Kf7 27. Qc7+ Kf6 28. Qc3 Qxc3+ 29. Kxc3 Rf5 30. h4 Ke5 31. a4 Rf7 32. Rg1 Rc7+ 33. Kb3 Bc4+ 34. Kb2 Bd3 35. Rg5+ Kf6 36. Nh5+ 1-0

[Event "RUS-ch sf"]
[Site "Tula"]
[Date "1998.??.??"]
[Round "1"]
[White "Kalugin, Sergei G"]
[Black "Mozaliov, Sergey V"]
[Result "1/2-1/2"]
[WhiteElo "2240"]
[BlackElo "2285"]
[PlyCount "126"]
[EventDate "1998.??.??"]
[EventType "swiss"]
[EventRounds "9"]
[EventCountry "RUS"]
[SourceTitle "EXT 2000"]
[Source "ChessBase"]
[SourceDate "1999.11.16"]
[SourceVersion "1"]
[SourceVersionDate "1999.11.16"]
[SourceQuality "1"]

1. d4 Nf6 2. Nf3 e6 3. c4 Bb4+ 4. Bd2 Qe7 5. g3 Nc6 6. a3 Bxd2+ 7. Qxd2 a5 8. Nc3 d6 9. Bg2 0-0 10. 0-0 e5 11. Nd5 Nxd5 12. cxd5 Nxd4 13. Nxd4 exd4 14. Qxd4 Bd7 15. Rac1 Rfc8 16. Rc2 c5 17. dxc6 Bxc6 18. Rfc1 Rd8 19. Bd5 Ra6 20. e3 Qe8 21. Rc4 h6 22. Qd2 Bxd5 23. Qxd5 Rb6 24. R1c2 Qe5 25. Qxe5 dxe5 26. Rc5 Rd1+ 27. Kg2 Rb1 28. Rxa5 R1xb2 29. Rxb2 Rxb2 30. Rxe5 b5 31. Re8+ Kh7 32. g4 Ra2 33. Rb8 Rxa3 34. Rxb5 Ra4 35. Kg3 g6 36. h3 Kg7 37. h4 Ra1 38. h5 Rg1+ 39. Kf4 g5+ 40. Kf5 Rg2 41. Rb2 Rg1 42. Rd2 Ra1 43. Ke4 Rg1 44. Kf3 Ra1 45. Rd4 Rg1 46. e4 Re1 47. Rd7 Kf6 48. Rd6+ Kg7 49. Rc6 Rg1 50. Rc2 Kf6 51. e5+ Kg7 52. Re2 Ra1 53. Rd2 Re1 54. Re2 Ra1 55. e6 fxe6 56. Rxe6 Ra4 57. Re7+ Kg8 58. Re4 Ra3+ 59. Kg2 Kg7 60. f4 gxf4 61. Rxf4 Rb3 62. Rf3 Rb4 63. Kg3 Ra4 1/2-1/2

[Event "RUS-Cup8"]
[Site "Smolensk"]
[Date "1997.??.??"]
[Round "5"]
[White "Alavkin, Arseny Nailievich"]
[Black "Mozaliov, Sergey V"]
[Result "1-0"]
[WhiteElo "2375"]
[BlackElo "2275"]
[PlyCount "62"]
[EventDate "1997.06.13"]
[EventType "swiss"]
[EventRounds "9"]
[EventCountry "RUS"]
[SourceTitle "CBM 058 Extra"]
[Source "ChessBase"]
[SourceDate "1997.07.29"]
[SourceVersion "1"]
[SourceVersionDate "1997.07.29"]
[SourceQuality "1"]

1. e4 c5 2. c3 Nf6 3. e5 Nd5 4. d4 cxd4 5. cxd4 e6 6. Nf3 b6 7. Nbd2 Ba6 8. Bxa6 Nxa6 9. Ne4 Bb4+ 10. Kf1 0-0 11. Qd3 Nac7 12. Nfg5 h6 13. h4 Re8 14. Nd6 f5 15. Nxe8 Qxe8 16. Nh3 Qh5 17. Nf4 Nxf4 18. Bxf4 Nd5 19. Bd2 Bxd2 20. Qxd2 Qg4 21. Rc1 Rf8 22. f3 Qh5 23. Kf2 f4 24. Qd3 a5 25. Qe4 Kh8 26. a3 Kg8 27. Ke2 Kh8 28. Kd2 Kg8 29. Rh3 Kh8 30. Rg1 Rc8 31. g4 Qe8 1-0

[Event "RUS-Cup8"]
[Site "Smolensk"]
[Date "1997.??.??"]
[Round "8"]
[White "Mozaliov, Sergey V"]
[Black "Tregubov, Pavel V"]
[Result "0-1"]
[WhiteElo "2275"]
[BlackElo "2525"]
[PlyCount "90"]
[EventDate "1997.06.13"]
[EventType "swiss"]
[EventRounds "9"]
[EventCountry "RUS"]
[SourceTitle "CBM 058 Extra"]
[Source "ChessBase"]
[SourceDate "1997.07.29"]
[SourceVersion "1"]
[SourceVersionDate "1997.07.29"]
[SourceQuality "1"]

1. e4 c5 2. Nf3 Nc6 3. d4 cxd4 4. Nxd4 Qc7 5. Nc3 e6 6. Be2 a6 7. 0-0 Nf6 8. Be3 Bb4 9. Na4 Bd6 10. Nb6 Rb8 11. g3 Ne5 12. f4 Qxb6 13. fxe5 Bxe5 14. Nf5 Qc7 15. Nxg7+ Ke7 16. Bd3 Rg8 17. Nh5 Ng4 18. Qf3 f6 19. Bf4 Bxf4 20. Qxf4 Qc5+ 21. Kg2 Qxh5 22. h3 e5 23. hxg4 exf4 24. gxh5 Rxg3+ 25. Kf2 d6 26. Rg1 Bg4 27. Rxg3 fxg3+ 28. Kxg3 Bxh5 29. Kf4 Rg8 30. Rh1 Rg4+ 31. Kf5 Rg5+ 32. Kf4 Bg6 33. Rh3 h5 34. Re3 Rg4+ 35. Kf3 Ke6 36. Bc4+ Ke5 37. Bd5 Rf4+ 38. Kg3 h4+ 39. Kh3 b6 40. Rb3 f5 41. Rxb6 fxe4 42. Bc4 Bf5+ 43. Kg2 h3+ 44. Kg1 e3 45. Rb8 Rxc4 0-1

[Event "RUS-Cup01 Chigorin Memorial"]
[Site "St Petersburg"]
[Date "1996.??.??"]
[Round "2"]
[White "Graf, Alexander"]
[Black "Mozaliov, Sergey V"]
[Result "1-0"]
[WhiteElo "2580"]
[BlackElo "2300"]
[PlyCount "65"]
[EventDate "1996.11.??"]
[EventType "swiss"]
[EventRounds "9"]
[EventCountry "RUS"]
[SourceTitle "CBM 056 Extra"]
[Source "ChessBase"]
[SourceDate "1997.03.01"]
[SourceVersion "1"]
[SourceVersionDate "1997.03.01"]
[SourceQuality "1"]

1. d4 Nf6 2. c4 e6 3. Nc3 Bb4 4. e3 c5 5. Nge2 b6 6. a3 Ba5 7. Rb1 Na6 8. Ng3 0-0 9. Bd3 cxd4 10. exd4 Bxc3+ 11. bxc3 d5 12. cxd5 Qxd5 13. Qe2 Nc7 14. Ne4 Nfe8 15. Bb2 f5 16. c4 Qc6 17. Ng3 Qxg2 18. Kd2 Bb7 19. d5 exd5 20. Rhg1 Qh3 21. Qe5 Qh6+ 22. Kc2 Qd6 23. Nxf5 Qxe5 24. Bxe5 Ne6 25. cxd5 Bxd5 26. Ne7+ Kh8 27. Nxd5 Rxf2+ 28. Kc1 Rd8 29. Rb5 Nc5 30. Bc4 Rxd5 31. Bxd5 Nd3+ 32. Kb1 Nxe5 33. Re1 1-0

[Event "RUS-Cup01 Chigorin Memorial"]
[Site "St Petersburg"]
[Date "1996.??.??"]
[Round "4"]
[White "Kazakov, Vladimir"]
[Black "Mozaliov, Sergey V"]
[Result "0-1"]
[WhiteElo "2250"]
[BlackElo "2300"]
[PlyCount "86"]
[EventDate "1996.11.??"]
[EventType "swiss"]
[EventRounds "9"]
[EventCountry "RUS"]
[SourceTitle "CBM 056 Extra"]
[Source "ChessBase"]
[SourceDate "1997.03.01"]
[SourceVersion "1"]
[SourceVersionDate "1997.03.01"]
[SourceQuality "1"]

1. d4 Nf6 2. c4 e6 3. Nc3 Bb4 4. Qc2 0-0 5. Nf3 c5 6. dxc5 Na6 7. a3 Bxc3+ 8. Qxc3 Nxc5 9. Bg5 Nce4 10. Bxf6 Nxf6 11. e3 b6 12. Be2 Bb7 13. 0-0 Rc8 14. Rac1 Qe7 15. Rfd1 Rc7 16. Qd4 Rfc8 17. Ne5 d5 18. b4 Ba6 19. Rc2 dxc4 20. Bf3 b5 21. Qd6 Qxd6 22. Rxd6 Bb7 23. Bxb7 Rxb7 24. f3 Kf8 25. e4 Ke7 26. Rd1 Nd7 27. Nxd7 Rxd7 28. Rxd7+ Kxd7 29. Kf2 Ke7 30. Ke3 Rd8 31. Rc3 Rd1 32. g3 g5 33. f4 g4 34. e5 f5 35. a4 a6 36. axb5 axb5 37. Ra3 Rb1 38. Ra7+ Kd8 39. Rxh7 Rxb4 40. Kd4 Rb1 41. Kc5 c3 42. Kd6 Rd1+ 43. Kxe6 c2 0-1

[Event "RUS-Cup2"]
[Site "Moscow"]
[Date "1996.??.??"]
[Round "8"]
[White "Mozaliov, Sergey V"]
[Black "Gagarin, Vasilij"]
[Result "0-1"]
[WhiteElo "2300"]
[BlackElo "2420"]
[PlyCount "78"]
[EventDate "1996.11.28"]
[EventType "swiss"]
[EventRounds "9"]
[EventCountry "RUS"]
[SourceTitle "CBM 056 Extra"]
[Source "ChessBase"]
[SourceDate "1997.03.01"]
[SourceVersion "1"]
[SourceVersionDate "1997.03.01"]
[SourceQuality "1"]

1. e4 c5 2. Nf3 Nc6 3. d4 cxd4 4. Nxd4 Nf6 5. Nc3 e5 6. Ndb5 d6 7. Bg5 a6 8. Na3 b5 9. Bxf6 gxf6 10. Nd5 Bg7 11. c3 f5 12. exf5 Bxf5 13. Nc2 Be6 14. g3 0-0 15. Bg2 Rb8 16. 0-0 Kh8 17. Qh5 f5 18. Nce3 Qd7 19. Rad1 b4 20. Rd2 bxc3 21. bxc3 Rf7 22. Nc4 Bf8 23. Ndb6 Qc7 24. Bd5 Nd8 25. Bxe6 Nxe6 26. Nd5 Qa7 27. Nb4 Qb7 28. Nd5 Qa7 29. Nde3 f4 30. Nf5 fxg3 31. hxg3 Ng7 32. Nxg7 Rxg7 33. Nxd6 Rxg3+ 34. Kh2 Rg6 35. Nf5 Qf7 36. Qh3 Rf6 37. Nh4 Bh6 38. Rd7 Rxf2+ 39. Kg1 Rg8+ 0-1

[Event "Moscow-ch"]
[Site "Moscow"]
[Date "1996.??.??"]
[Round "7"]
[White "Mozaliov, Sergey V"]
[Black "Kiselev, Sergey"]
[Result "0-1"]
[WhiteElo "2300"]
[BlackElo "2545"]
[PlyCount "54"]
[EventDate "1996.08.??"]
[EventType "swiss"]
[EventRounds "11"]
[EventCountry "RUS"]
[SourceTitle "CBM 055 Extra"]
[Source "ChessBase"]
[SourceDate "1997.01.01"]
[SourceVersion "1"]
[SourceVersionDate "1997.01.01"]
[SourceQuality "1"]

1. e4 c5 2. Nf3 d6 3. d4 cxd4 4. Nxd4 Nf6 5. Nc3 Nc6 6. Bg5 e6 7. Qd2 a6 8. 0-0-0 h6 9. Be3 Be7 10. f4 Nxd4 11. Bxd4 b5 12. Qe3 Qc7 13. e5 dxe5 14. Bxe5 Ng4 15. Qf3 Nxe5 16. Qxa8 Nd7 17. Qf3 Bb7 18. Qg3 b4 19. Ne2 0-0 20. f5 e5 21. Qd3 Nc5 22. Qc4 Rd8 23. h4 Rxd1+ 24. Kxd1 Qd8+ 25. Kc1 Ne4 26. Qd3 Qb6 27. Qf3 Qa5 0-1